000 00427nam a2200157 a 4500
001 000034253
005 20200930070916.0
008 110929s2005 dr 000 0 spa d
020 _a959060708x
040 _aDO-SdBNP
_bspa
_cBNPHU
100 1 _aCollado, Enrique
_959671
245 1 0 _aCuba independiente /
_cEnrique Collado.
260 _aLa Habana :
_bCiencias Sociales,
_c2005.
300 _a219 p. ;
_c19 cm.
049 _aBNPD
999 _c33744
_d33744